Getting carried away (Record no. 121156)

MARC details
000 -LEADER
fixed length control field 00797nas a22002057a 4500
001 - CONTROL NUMBER
control field K121156
007 - PHYSICAL DESCRIPTION FIXED FIELD--GENERAL INFORMATION
fixed length control field ta
008 - FIXED-LENGTH DATA ELEMENTS--GENERAL INFORMATION
fixed length control field 191106b2019 ||||| |||| 00| 0 eng d
041 ## - LANGUAGE CODE
Language code of text/sound track or separate title eng
100 ## - MAIN ENTRY--PERSONAL NAME
Personal author Humphreys, Emma
245 ## - TITLE STATEMENT
Title Getting carried away
Subtitle The future of urban air mobility
260 ## - PUBLICATION INFORMATION
Date 2019
490 ## - SERIES TITLE
Series statement Estates Gazette
Volume (1942) 19 October 2019, 56-59
520 ## - ABSTRACT
Abstract With flight trials underway for drone taxi and delivery services considers how property owners and developers should be preparing their buildings to provide the infrastructure to support this. Discusses what drones could be used and practical and legal considerations.
650 ## - KEYWORDS
Keywords Drones
651 ## - SUBJECT ADDED ENTRY--GEOGRAPHIC NAME
Geographic name United Kingdom 1973
690 ## - LOCAL SUBJECT ADDED ENTRY--TOPICAL TERM (OCLC, RLIN)
9 (RLIN) 6246
Topical term or geographic name as entry element Infrastructure
700 ## - ADDED PERSONAL NAME
Added personal author Richards, Eddie
700 ## - ADDED PERSONAL NAME
Added personal author Walker, Duncan
Holdings
Withdrawn status Lost status Damaged status Not for loan Home library Current library Shelving location Date acquired Total Checkouts Date last seen Price effective from Koha item type
        London London Journals 06/11/2019   06/11/2019 06/11/2019 Journal article